000
00197 a2200097 4500
001
6204
100
_a
Zbar, P.B
245
_a
Basic electricity
260
_a
_b
McGraw-Hill
_c
090
_c
5092
_d
5092
942
_a
NUST-CAE
_c
M
_c
31481
999
_c
241277
_d
241277